<?xml version="1.0" encoding="UTF-8"?>
<record
    xmlns:xsi="http://www.w3.org/2001/XMLSchema-instance"
    xsi:schemaLocation="http://www.loc.gov/MARC21/slim http://www.loc.gov/standards/marcxml/schema/MARC21slim.xsd"
    xmlns="http://www.loc.gov/MARC21/slim">

  <leader>00541nam a22001337a 4500</leader>
  <datafield tag="040" ind1=" " ind2=" ">
    <subfield code="c">RUA</subfield>
  </datafield>
  <datafield tag="082" ind1=" " ind2=" ">
    <subfield code="a">AGR TAL 2010 B046 Or.1</subfield>
  </datafield>
  <datafield tag="100" ind1=" " ind2=" ">
    <subfield code="a">TAL, MAKARA</subfield>
  </datafield>
  <datafield tag="245" ind1=" " ind2=" ">
    <subfield code="a">Effect of pellet compost's duration on green mustart &#x17A5;&#x1791;&#x17D2;&#x1791;&#x17B7;&#x1796;&#x179B;&#x1793;&#x17C3;&#x17A2;&#x17B6;&#x1799;&#x17BB;&#x1787;&#x17B8;&#x1780;&#x17C6;&#x1794;&#x17C9;&#x17BB;&#x179F;&#x17D2;&#x178F;&#x17B7;&#x17CD;&#x1782;&#x17D2;&#x179A;&#x17B6;&#x1794;&#x17CB;&#x179B;&#x17BE;&#x178A;&#x17C6;&#x178E;&#x17B6;&#x17C6;&#x179F;&#x17D2;&#x1796;&#x17C3;&#x1781;&#x17C0;&#x179C;</subfield>
  </datafield>
  <datafield tag="260" ind1=" " ind2=" ">
    <subfield code="a">Phnom Penh</subfield>
    <subfield code="b">RUA</subfield>
    <subfield code="c">2010</subfield>
  </datafield>
  <datafield tag="300" ind1=" " ind2=" ">
    <subfield code="a">xii, 50p.</subfield>
    <subfield code="b">ill.</subfield>
    <subfield code="c">29cm.</subfield>
  </datafield>
  <datafield tag="856" ind1=" " ind2=" ">
    <subfield code="u">https://drive.google.com/file/d/1xulGaqfPQV8ArNKHiQImNMJvJ1Cyqz-_/view?usp=sharing</subfield>
  </datafield>
  <datafield tag="942" ind1=" " ind2=" ">
    <subfield code="c">AGR</subfield>
  </datafield>
  <datafield tag="999" ind1=" " ind2=" ">
    <subfield code="c">1163</subfield>
    <subfield code="d">1163</subfield>
  </datafield>
  <datafield tag="952" ind1=" " ind2=" ">
    <subfield code="0">0</subfield>
    <subfield code="1">0</subfield>
    <subfield code="2">ddc</subfield>
    <subfield code="4">0</subfield>
    <subfield code="6">AGR_TAL_2010_000000000000000_B046_OR_1</subfield>
    <subfield code="7">0</subfield>
    <subfield code="9">4773</subfield>
    <subfield code="a">LBB</subfield>
    <subfield code="b">LBB</subfield>
    <subfield code="c">B046</subfield>
    <subfield code="d">2015-09-23</subfield>
    <subfield code="l">4</subfield>
    <subfield code="o">AGR TAL 2010 B046 Or.1</subfield>
    <subfield code="p">RUA006975</subfield>
    <subfield code="r">2024-05-15</subfield>
    <subfield code="s">2024-04-22</subfield>
    <subfield code="w">2015-09-23</subfield>
    <subfield code="y">AGR</subfield>
  </datafield>
  <datafield tag="952" ind1=" " ind2=" ">
    <subfield code="0">0</subfield>
    <subfield code="1">0</subfield>
    <subfield code="2">ddc</subfield>
    <subfield code="4">0</subfield>
    <subfield code="6">AGR_TAL_2010_000000000000000_B046_OR_2</subfield>
    <subfield code="7">0</subfield>
    <subfield code="9">4774</subfield>
    <subfield code="a">LBB</subfield>
    <subfield code="b">LBB</subfield>
    <subfield code="c">B046</subfield>
    <subfield code="d">2015-09-23</subfield>
    <subfield code="l">1</subfield>
    <subfield code="m">1</subfield>
    <subfield code="o">AGR TAL 2010 B046 Or.2</subfield>
    <subfield code="p">RUA006475</subfield>
    <subfield code="r">2017-11-01</subfield>
    <subfield code="s">2017-10-06</subfield>
    <subfield code="w">2015-09-23</subfield>
    <subfield code="y">AGR</subfield>
  </datafield>
  <datafield tag="952" ind1=" " ind2=" ">
    <subfield code="0">0</subfield>
    <subfield code="1">0</subfield>
    <subfield code="2">ddc</subfield>
    <subfield code="4">0</subfield>
    <subfield code="6">AGR_TAL_2010_000000000000000_B046_OR_3</subfield>
    <subfield code="7">0</subfield>
    <subfield code="9">4775</subfield>
    <subfield code="a">LBB</subfield>
    <subfield code="b">LBB</subfield>
    <subfield code="c">B046</subfield>
    <subfield code="d">2015-09-23</subfield>
    <subfield code="l">1</subfield>
    <subfield code="o">AGR TAL 2010 B046 Or.3</subfield>
    <subfield code="p">RUA006137</subfield>
    <subfield code="r">2016-07-25</subfield>
    <subfield code="s">2016-07-20</subfield>
    <subfield code="w">2015-09-23</subfield>
    <subfield code="y">AGR</subfield>
  </datafield>
  <datafield tag="952" ind1=" " ind2=" ">
    <subfield code="0">0</subfield>
    <subfield code="1">0</subfield>
    <subfield code="2">ddc</subfield>
    <subfield code="4">0</subfield>
    <subfield code="6">AGR_TAL_2010_000000000000000_B046_OR_4</subfield>
    <subfield code="7">0</subfield>
    <subfield code="9">4776</subfield>
    <subfield code="a">LBB</subfield>
    <subfield code="b">LBB</subfield>
    <subfield code="c">B046</subfield>
    <subfield code="d">2015-09-23</subfield>
    <subfield code="l">1</subfield>
    <subfield code="o">AGR TAL 2010 B046 Or.4</subfield>
    <subfield code="p">RUA006013</subfield>
    <subfield code="r">2018-06-04</subfield>
    <subfield code="s">2018-05-16</subfield>
    <subfield code="w">2015-09-23</subfield>
    <subfield code="y">AGR</subfield>
  </datafield>
  <datafield tag="952" ind1=" " ind2=" ">
    <subfield code="0">0</subfield>
    <subfield code="1">0</subfield>
    <subfield code="2">ddc</subfield>
    <subfield code="4">0</subfield>
    <subfield code="6">AGR_TAL_2010_000000000000000_B046_OR_5</subfield>
    <subfield code="7">0</subfield>
    <subfield code="9">4777</subfield>
    <subfield code="a">LBB</subfield>
    <subfield code="b">LBB</subfield>
    <subfield code="c">B046</subfield>
    <subfield code="d">2015-09-23</subfield>
    <subfield code="l">1</subfield>
    <subfield code="o">AGR TAL 2010 B046 Or.5</subfield>
    <subfield code="p">RUA006776</subfield>
    <subfield code="r">2018-05-21</subfield>
    <subfield code="s">2018-04-25</subfield>
    <subfield code="w">2015-09-23</subfield>
    <subfield code="y">AGR</subfield>
  </datafield>
  <datafield tag="952" ind1=" " ind2=" ">
    <subfield code="0">0</subfield>
    <subfield code="1">0</subfield>
    <subfield code="2">ddc</subfield>
    <subfield code="4">0</subfield>
    <subfield code="6">AGR_TAL_2010_000000000000000_B046_OR_6</subfield>
    <subfield code="7">0</subfield>
    <subfield code="9">13753</subfield>
    <subfield code="a">LBB</subfield>
    <subfield code="b">LBB</subfield>
    <subfield code="d">2015-10-28</subfield>
    <subfield code="l">1</subfield>
    <subfield code="o">AGR TAL 2010 B046 Or.6</subfield>
    <subfield code="p">RUA012278</subfield>
    <subfield code="q">2016-08-04</subfield>
    <subfield code="r">2016-07-18</subfield>
    <subfield code="s">2016-07-18</subfield>
    <subfield code="w">2015-10-28</subfield>
    <subfield code="y">AGR</subfield>
  </datafield>
  <datafield tag="952" ind1=" " ind2=" ">
    <subfield code="0">0</subfield>
    <subfield code="1">0</subfield>
    <subfield code="2">ddc</subfield>
    <subfield code="4">0</subfield>
    <subfield code="6">AGR_TAL_2010_000000000000000_B046_OR_7</subfield>
    <subfield code="7">0</subfield>
    <subfield code="9">45878</subfield>
    <subfield code="a">LBB</subfield>
    <subfield code="b">LBB</subfield>
    <subfield code="d">2016-06-15</subfield>
    <subfield code="l">1</subfield>
    <subfield code="o">AGR TAL 2010 B046 Or.7</subfield>
    <subfield code="p">RUA057607</subfield>
    <subfield code="r">2016-08-24</subfield>
    <subfield code="s">2016-08-08</subfield>
    <subfield code="w">2016-06-15</subfield>
    <subfield code="y">AGR</subfield>
  </datafield>
</record>
